| 000 | 01336nam a2200241Ia 4500 | ||
|---|---|---|---|
| 003 | Ost | ||
| 005 | 20260507075258.0 | ||
| 008 | 260507s9999||||xx |||||||||||||| ||und|| | ||
| 020 | _a54096599619 | ||
| 040 | _cfsecg | ||
| 041 | _aara | ||
| 082 | _a330 | ||
| 100 |
_aبن اعماره، منصور _eمؤلف |
||
| 245 | 0 |
_aالضريبة على أرباح الشركات LI.B.S : _bحسب تعديلات قانون المالية 2010 لطلبة المعاهد العليا و الجامعات و كل المختصبن الاقتصاديين / _c منصور بن اعماره |
|
| 260 |
_aالجزائر: _bدار هومه, _c2010 |
||
| 300 |
_a155 صفحة؛ _c23 سم |
||
| 520 | _aالضريبة على أرباح الشركات ، نظام الاقتطاعات من المصدر ، العقوبات الاعانات و الاعفاءات مع دراسة ميدانية لشخص طبيعي و معنوي حسب الحالة الضريبية ، نظام الاهتلاكات ، المراقبة و المنازعات : كيفية اجراء المراقبة بالنسبة للضريبة على الدخل الاجمالي و الضريبة على أرباح الشركات. | ||
| 653 | _aالأرباح | ||
| 653 | _aالشركات | ||
| 653 | _aالضريبة | ||
| 653 | _aضريبة الشركات | ||
| 942 | _cكتاب | ||
| 999 |
_c43778 _d43778 |
||